MARC

Tag First Indicator Second Indicator Subfields
LEADER 00000cam a2200000 a 4500
001 in00005749430
005 20260326191225.3
006 m o d
007 cr un||||a|a||
008 120226s1985 nyua ob 100 0 eng d
010 |z  84019025  
040 |a OCLCE  |b eng  |e pn  |c OCLCE  |d OCLCQ  |d OCLCF  |d OCLCQ  |d OPELS  |d OCLCO  |d IDEBK  |d N$T  |d YDXCP  |d OCL  |d OCLCQ  |d UAB  |d OCLCQ  |d UKAHL  |d OCLCQ  |d OCLCO  |d OCLCQ  |d OCLCO  |d OCLCL  |d COA 
019 |a 1340083101 
020 |a 9780080253992  |q (electronic bk.) 
020 |a 0080253997  |q (electronic bk.) 
020 |a 9781483162201  |q (electronic bk.) 
020 |a 1483162206  |q (electronic bk.) 
024 8 |a (WaSeSS)ssj0001063409 
035 |a (OCoLC)778309093  |z (OCoLC)1340083101 
050 4 |a RC87.5  |b .I54 1983 
055 3 |a RC87.5  |b I54 1983 
060 4 |a W3  |b IN917KNT 1st 1983e 
060 4 |a WD 602  |b I598 1983e 
072 7 |a MED  |x 075000  |2 bisacsh 
072 7 |a SCI  |x 036000  |2 bisacsh 
082 0 4 |a 612/.01442  |2 19 
049 |a TXAM 
111 2 |a International Symposium on Electrical Shock Safety Criteria  |n (1st :  |d 1983 :  |c Toronto, Ont.) 
245 1 0 |a Electrical shock safety criteria :  |b proceedings of the First International Symposium on Electrical Shock Safety Criteria /  |c editors, J.E. Bridges [and others]. 
260 |a New York :  |b Pergamon Press,  |c ©1985. 
300 |a 1 online resource (viii, 368 pages) :  |b illustrations 
336 |a text  |b txt  |2 rdacontent 
337 |a computer  |b c  |2 rdamedia 
338 |a online resource  |b cr  |2 rdacarrier 
347 |a text file  |2 rdaft  |0 http://rdaregistry.info/termList/fileType/1002. 
504 |a Includes bibliographical references. 
588 0 |a Print version record. 
650 0 |a Electric shock  |x Physiological effect  |v Congresses. 
650 0 |a Impedance, Bioelectric  |v Congresses. 
650 0 |a Electrical engineering  |x Safety measures  |v Congresses. 
650 0 |a Impedance, Bioelectric  |x Congresses. 
650 0 |a Electrical engineering  |x Safety measures  |x Congresses. 
650 2 |a Electric Injuries  |x physiopathology 
650 2 |a Electric Injuries  |x prevention & control 
650 6 |a Choc électrique  |x Effets physiologiques  |x Congrès. 
650 6 |a Impédance bioélectrique  |x Congrès. 
650 6 |a Génie électrique  |x Sécurité  |x Mesures  |x Congrès. 
650 6 |a Électrocution  |x Effets physiologiques  |v Congrès. 
650 6 |a Impédance bioélectrique  |v Congrès. 
650 6 |a Génie électrique  |x Sécurité  |x Mesures  |v Congrès. 
650 7 |a MEDICAL  |x Physiology.  |2 bisacsh 
650 7 |a SCIENCE  |x Life Sciences  |x Human Anatomy & Physiology.  |2 bisacsh 
650 7 |a Electric shock  |x Physiological effect  |2 fast 
650 7 |a Electrical engineering  |x Safety measures  |2 fast 
650 7 |a Impedance, Bioelectric  |2 fast 
655 7 |a Electronic books.  |2 local 
655 2 |a Congress 
655 7 |a proceedings (reports)  |2 aat 
655 7 |a Conference papers and proceedings  |2 fast 
655 7 |a Conference papers and proceedings.  |2 lcgft 
655 7 |a Actes de congrès.  |2 rvmgf 
700 1 |a Bridges, J. E.  |q (Jack E.)  |1 https://id.oclc.org/worldcat/entity/E39PCjJCF4Wv7t3HmFkKfq3mMK 
710 2 |a ScienceDirect (Online service) 
758 |i has work:  |a Electrical shock safety criteria (Text)  |1 https://id.oclc.org/worldcat/entity/E39PCFFp9Xr6hHGckmw9p9b68C  |4 https://id.oclc.org/worldcat/ontology/hasWork 
776 0 8 |i Print version:  |a International Symposium on Electrical Shock Safety Criteria (1st : 1983 : Toronto, Ont.).  |t Electrical shock safety criteria.  |d New York : Pergamon Press, ©1985  |w (DLC) 84019025  |w (OCoLC)11114087 
856 4 0 |u http://proxy.library.tamu.edu/login?url=https://www.sciencedirect.com/science/book/9780080253992  |z Connect to the full text of this electronic book  |t 0 
955 |a Elsevier ScienceDirect 2026-2027 
994 |a 92  |b TXA 
999 f f |i 51b06483-f41e-4ae0-82b2-55ca198462a2  |s 12b5aefb-2b7d-45d6-88be-d3fc3bb9721f  |t 0 
952 f f |a Texas A&M University  |b College Station  |c Electronic Resources  |s www_evans  |d Available Online  |t 0  |e RC87.5 .I54 1983  |h Library of Congress classification 
998 f f |a RC87.5 .I54 1983  |t 0  |l Available Online